Islamic art and archaeology

Saved in:

Main Author: Pearson ,J.D Rice ,d.scomp

Format: Book

Language: Undetermined

Published: Cambridge 1954

Subjects:

Tags: Add Tag

No Tags, Be the first to tag this record!

Call Number: (P) Z5961.M717

LEADER 00537nam a2200169Ia 4500
008 230909s9999||||xx |||||||||||||| ||und||
050 4 |a (P) Z5961.M717 
100 1 |a Pearson ,J.D Rice ,d.scomp  
245 1 0 |a Islamic art and archaeology  
264 1 |a Cambridge   |c 1954 
300 |c 22cm 
504 |a compilers  
650 4 |a Archaeologh Bibliography 
650 4 |a Art,mohammedan Bibliography 
942 |2 lcc  |c BK 
952 |0 0  |1 0  |2 lcc  |4 0  |7 1  |9 49993  |a ARCE  |b ARCE  |d 2023-09-09  |l 0  |o (P) Z5961.M717  |r 2023-09-09 00:00:00  |w 2023-09-09  |y BK 
999 |c 54616  |d 54616